000 00473nam a2200181Ia 4500
005 20250326125533.0
008 250326s9999 xx 000 0 und d
037 _aTextbook
040 _aFMSL
_beng
_cFMSL
041 _aeng
_2eng
084 _aS K8
_qFMSL
100 _aSargent W E
_9739258
245 0 _aPsychology
_cSargent W E
260 _aLondon
_bLondon, English Universities
_c1968
300 _a159p
942 _cTB
_hS K8
999 _c1278482
_d1278482